000 00805cam a22002411 4500
001 gs 15000360
003 DLC
005 20260227111317.0
008 790216s1914 xx 000 0 eng c
010 _ags 15000360
035 _a(OCoLC)4660012
040 _aU.S. Geol. Survey. Libr.
_cOCl
_dDLC
042 _apremarc
050 0 0 _aTN26
_b.A4 1914a
110 1 _aCanada.
_bMines Branch (1901-1936)
245 0 0 _aReport on the non-metallic minerals used in the Canadian manufacturing industries,
_cby Howells Fréchette.
260 _aOttawa,
_bGovernment printing bureau,
_c1914.
300 _aviii p., 1 l., 199 p.
_bfold. tables.
_c25 cm.
500 _a"No. 305."
504 _aBibliography: p. 137-149.
650 0 _aMines and mineral resources
_zCanada.
700 1 _aFréchette, Howells,
_d1879-
999 _c25506
_d25506